| 000 | 01161naa a22003737a 4500 | ||
|---|---|---|---|
| 001 | BR7907445 | ||
| 003 | BR-BrBNA | ||
| 005 | 20240918174508.0 | ||
| 007 | ta | ||
| 008 | 230509b bl.||||| |||| 00| 0 por d | ||
| 040 |
_aBR-BrBNA _bpor _cBiblioteca Nacional de Agricultura |
||
| 041 | _a(Pt) | ||
| 072 |
_aL50; L30 _b5300 _b3730 |
||
| 090 | _aL50 BR7907445 | ||
| 100 | 1 | _aCosta, P.M.A. | |
| 111 | 1 |
_a1. Simposio sobre Suinocultura _cPiracicaba, SP (Brazil) _d6 Sep 1979 |
|
| 245 | 1 | _aNutricao proteica dos suinos [exigencia nutricional] | |
| 260 | 3 |
_aPiracicaba, SP (Brasil): _c1979. |
|
| 500 | _aAnais do 1. Simposio sobre Suinocultura Piracicaba, SP (Brasil): 1979. p. 35-72 (BR7907445-AM)L50 | ||
| 650 | _aSUINO | ||
| 650 | _aVARRAO | ||
| 650 | _aEXIGENCIA NUTRICIONAL | ||
| 650 | _aPROTEINA | ||
| 650 | _aDIETA | ||
| 650 | _aRACAO | ||
| 650 | _aCONSUMO | ||
| 650 | _aGANHO DE PESO | ||
| 650 | _aPRENHEZ | ||
| 650 | _aLACTACAO | ||
| 650 | _aCRESCIMENTO | ||
| 773 | 0 |
_tAnais do 1. Simposio sobre Suinocultura _wL50 BR7907445 _gPiracicaba, SP (Brasil), 1979. p. 35-72 |
|
| 909 |
_a202404 _bLucia _c55 _dLucia Elande |
||
| 942 |
_cAM _2AGRIS |
||
| 999 |
_c311598 _d311598 |
||